Harborough DC and C.Walton Ltd (Record no. 53909)

MARC details
000 -LEADER
fixed length control field 01386cab a2200241 4500
001 - CONTROL NUMBER
control field X85701
008 - FIXED-LENGTH DATA ELEMENTS--GENERAL INFORMATION
fixed length control field 090401t1998 xxu||||| |||| 00| 0 eng d
035 ## - SYSTEM CONTROL NUMBER
System control number (Sirsi) u85701
041 ## - LANGUAGE CODE
Language code of text/sound track or separate title eng
245 ## - TITLE STATEMENT
Title Harborough DC and C.Walton Ltd
260 ## - PUBLICATION, DISTRIBUTION, ETC.
Date of publication, distribution, etc. 1998
350 ## - PRICE (NR) (BK AM CF MU VM SE) [OBSOLETE]
Price 0
490 ## - SERIES STATEMENT
Series statement Planning Appeal Decisions
Volume/sequential designation [1998] 13 PAD 158-163(6)
520 ## - SUMMARY, ETC.
Summary, etc. 5 December 1997. Purpose-built agricultural grain store - on old wartime airfield - many old hangars and other buildings - areas of concrete - many used for industrial and commercial purposes - industrial estate - some flying activities - car storage - new car and trailer parking - much land used for agriculture - store of 1300 sq.m - 74m long and 7m high - more than yet needed - exisiting foundations and building frame - whether need for agriculture - pre-delivery inspection of vehicles - structure and local plans - re-use of agricultural buildings - visual impact on landscape - screening by trees and shrubs - changes since 1992 refusal - use of building not decisive factor - other sites or solutions available nearby. (Taken from journal headnote.)
650 ## - SUBJECT ADDED ENTRY--TOPICAL TERM
Topical term or geographic name entry element AGRICULTURAL USE
650 ## - SUBJECT ADDED ENTRY--TOPICAL TERM
Topical term or geographic name entry element CHANGE OF USE
650 ## - SUBJECT ADDED ENTRY--TOPICAL TERM
Topical term or geographic name entry element DISUSED AIRFIELD
650 ## - SUBJECT ADDED ENTRY--TOPICAL TERM
Topical term or geographic name entry element HARBOROUGH DC AND C WALTON LTD
650 ## - SUBJECT ADDED ENTRY--TOPICAL TERM
Topical term or geographic name entry element PLANNING PERMISSION
690 ## - LOCAL SUBJECT ADDED ENTRY--TOPICAL TERM (OCLC, RLIN)
Topical term or geographic name as entry element PLANNING LAW AND PRACTICE-CASE LAW
942 ## - ADDED ENTRY ELEMENTS (KOHA)
Suppress in OPAC 0
948 ## - LOCAL PROCESSING INFORMATION (OCLC); SERIES PART DESIGNATOR (RLIN)
c (OCLC) 21/04/1998
Holdings
Withdrawn status Lost status Source of classification or shelving scheme Damaged status Not for loan Home library Current library Shelving location Date acquired Total Checkouts Full call number Barcode Date last seen Copy number Price effective from Koha item type
    Other/Generic Classification Scheme     London London Journal article 14/09/1999   X85701 85701-1001 06/08/2019 1 06/08/2019 Law report